[Event "Cto Equipos Aragon 2012 Preferente B"]
[Site "Aragon"]
[Date "2012.02.18"]
[Round "3.54"]
[White "Gella Lopez Angel"]
[Black "Felez Casedas Carlos"]
[Result "1-0"]
[WhiteElo "2080"]
[BlackElo "2024"]

1.d4 d5 2.c4 e6 3.Nc3 Nf6 4.Bg5 Be7 5.e3 O-O 6.cxd5 exd5 7.Bd3 c6 8.Qc2 h6 9.
Bh4 Nh5 10.Bxe7 Qxe7 11.Nge2 Re8 12.O-O Nd7 13.Rab1 a6 14.Na4 Nhf6 15.Ng3 Ne4
16.Bxe4 dxe4 17.Nc3 Nf6 18.h3 Bd7 19.f3 exf3 20.Rxf3 Nh7 21.e4 Ng5 22.Re3 Rad8
23.e5 Be6 24.Rd1 Kh8 25.h4 Nh7 26.Qe4 Bd5 27.Qf4 g5 28.Qf2 gxh4 29.Nf5 Qg5 30.
Nxd5 cxd5 31.Rf3 Qh5 32.Nd6 Rxd6 33.exd6 Ng5 34.Rfd3 Rg8 35.Qf6+ Kh7 36.Qf5+
Kh8 37.d7 Qe2 38.d8=Q Rxd8 39.Qf6+ Kh7 40.Qxd8 h3 41.Qxd5 1-0

[Event "Cto Equipos Aragon 2012 Preferente B"]
[Site "Aragon"]
[Date "2012.02.18"]
[Round "3.55"]
[White "Landa Galindo Victor"]
[Black "Bellosta Lopez Pablo"]
[Result "0-1"]
[WhiteElo "1945"]
[BlackElo "2042"]

1.e4 c5 2.Nf3 d6 3.d4 Nf6 4.Nc3 cxd4 5.Qxd4 e5 6.Qd1 h6 7.Bc4 Qc7 8.Bb3 Be7 9.
O-O Be6 10.Be3 a6 11.Qd3 O-O 12.Nd2 Nbd7 13.Nd5 Bxd5 14.exd5 Ng4 15.c4 f5 16.
c5 f4 17.cxd6 Bxd6 18.Rac1 Qb8 19.Qg6 fxe3 20.Qe6+ Kh8 21.Ne4 exf2+ 22.Kh1 Ne3
23.Nxd6 Nc5 24.Rxc5 Nxf1 25.Nf7+ Rxf7 26.Qxf7 Qf8 27.d6 Qxf7 28.Bxf7 Ng3+ 0-1

[Event "Cto Equipos Aragon 2012 Preferente B"]
[Site "Aragon"]
[Date "2012.02.18"]
[Round "3.56"]
[White "Laplaza Ara Carlos"]
[Black "Puertolas Serena Arturo"]
[Result "1-0"]
[WhiteElo "2011"]
[BlackElo "1941"]

1.d4 Nf6 2.c4 e6 3.Nf3 b6 4.g3 Bb4+ 5.Bd2 Bxd2+ 6.Nbxd2 Bb7 7.Bg2 d6 8.O-O
Nbd7 9.Qc2 c5 10.Rfd1 Qc7 11.Rac1 O-O 12.e4 e5 13.dxe5 dxe5 14.Nh4 g6 15.Nf1
Rfd8 16.Ne3 Nf8 17.Nd5 Nxd5 18.cxd5 Qd6 19.Nf3 Nd7 20.Bf1 a6 21.a4 Rac8 22.Nd2
c4 23.Nxc4 Qb4 24.Qd2 Qxd2 25.Nxd2 Nc5 26.Bh3 Nd7 27.Nc4 b5 28.Na5 Rxc1 29.
Rxc1 Rc8 30.Rxc8+ Bxc8 31.axb5 axb5 32.Nc6 Kf8 33.Na7 1-0

[Event "Cto Equipos Aragon 2012 Preferente B"]
[Site "Aragon"]
[Date "2012.02.18"]
[Round "3.57"]
[White "Argueso Pascual Jorge"]
[Black "Hinojar Basa Alfonso"]
[Result "1/2-1/2"]
[WhiteElo "1998"]
[BlackElo "2194"]

1.e4 e6 2.d4 d5 3.Nc3 Bb4 4.e5 c5 5.a3 Bxc3+ 6.bxc3 Ne7 7.Qg4 Qc7 8.Qxg7 Rg8
9.Qxh7 cxd4 10.Ne2 Nbc6 11.f4 Bd7 12.Qd3 dxc3 13.Nxc3 a6 14.Rb1 Na5 15.h4 Nf5
16.Rh3 O-O-O 17.h5 Nc4 18.h6 Rg6 19.h7 Rh8 20.Rb4 b5 21.Ne2 Qc5 22.c3 f6 23.
Nd4 fxe5 24.Nxf5 exf5 25.fxe5 Nxe5 26.Qd4 1/2-1/2

[Event "Cto Equipos Aragon 2012 Preferente B"]
[Site "Aragon"]
[Date "2012.02.18"]
[Round "3.59"]
[White "Soto Fidalgo Guillermo"]
[Black "Portero Garnica Miguel Angel"]
[Result "0-1"]
[WhiteElo "1907"]
[BlackElo "2115"]

1.d4 g6 2.e4 Bg7 3.Nc3 c6 4.f4 d6 5.Be2 b5 6.a3 Qb6 7.e5 a6 8.Nf3 Nd7 9.Qd3
Nh6 10.exd6 exd6 11.Qe4+ Kd8 12.Be3 Nf6 13.Qd3 b4 14.axb4 Re8 15.d5 Rxe3 16.
Qd2 Nxd5 17.Nxd5 cxd5 18.c3 Ra7 19.O-O-O d4 20.Rhe1 dxc3 21.bxc3 Rxc3+ 0-1

[Event "Cto Equipos Aragon 2012 Preferente B"]
[Site "Aragon"]
[Date "2012.02.18"]
[Round "3.60"]
[White "Sancho Cortes Miguel Angel"]
[Black "Argueso Palomino Manuel"]
[Result "1-0"]
[WhiteElo "2094"]
[BlackElo "1800"]

1.e4 c5 2.Nf3 d6 3.d4 cxd4 4.Nxd4 Nf6 5.Nc3 g6 6.Bb5+ Bd7 7.Bxd7+ Nbxd7 8.O-O
Bg7 9.Be3 O-O 10.Qe2 a6 11.Rad1 Rc8 12.f3 Ne5 13.Qf2 Qa5 14.Nb3 Qc7 15.Bb6 Qb8
16.Na5 Nc4 17.Nxc4 Rxc4 18.Rd4 Rc6 19.Rd2 Nd7 20.Bd4 Ne5 21.Nd5 Re8 22.b3 Qc8
23.c4 Nxc4 24.bxc4 e6 25.Nf6+ Bxf6 26.Bxf6 Rxc4 27.Qh4 Qc5+ 28.Kh1 h5 29.Qf4
Kh7 30.Bb2 Qc7 31.Qxd6 Rc8 32.Qxc7 R8xc7 33.Rfd1 b5 34.Kg1 b4 35.Rd8 g5 36.
Rh8+ Kg6 37.Rg8+ Kh7 38.Rdd8 f6 39.Bxf6 Rc1+ 40.Kf2 R1c2+ 41.Kg3 Rf7 42.Be5
h4+ 43.Kh3 g4+ 44.Rxg4 1-0

[Event "Cto Equipos Aragon 2012 Preferente B"]
[Site "Aragon"]
[Date "2012.02.18"]
[Round "3.62"]
[White "De La Riva Fernandez Eduardo"]
[Black "Carruez Berges Santiago"]
[Result "0-1"]
[WhiteElo "1985"]
[BlackElo "2117"]

1.e4 e6 2.d4 d5 3.Nd2 Nc6 4.c3 e5 5.exd5 Qxd5 6.Ngf3 exd4 7.Bc4 Qd8 8.O-O Be7
9.cxd4 Nf6 10.Ne5 O-O 11.Qb3 Nxd4 12.Qd1 Bf5 13.a3 b5 14.Bd3 Bxd3 15.Nxd3 Qd5
16.Nf4 Qf5 17.Nb3 Nxb3 18.Qxb3 Bd6 19.Ne2 Bxh2+ 20.Kxh2 Qh5+ 21.Kg1 Qxe2 22.
Qg3 Rfe8 23.b4 Rad8 24.Be3 Rd3 25.Rae1 Qh5 26.Qg5 Re6 27.Qxh5 Nxh5 28.Bxa7 Nf4
29.Rxe6 fxe6 30.g3 Rxa3 31.Bb8 Nd5 32.Rc1 Ra8 33.Bxc7 Rc8 34.Bf4 Rxc1+ 35.Bxc1
Nxb4 36.Kf1 Kf7 37.Ke2 h5 38.Bd2 Nd5 39.Kd3 Ke7 40.Kd4 Kd6 41.f4 g6 42.Bc1 b4
43.Bb2 Ne7 44.Kc4 Nf5 45.Be5+ Kc6 46.Bb8 Nxg3 47.Kxb4 Kd5 48.Kb5 Nf5 0-1

[Event "Cto Equipos Aragon 2012 Preferente B"]
[Site "Aragon"]
[Date "2012.02.18"]
[Round "3.63"]
[White "Larrosa Poves Jose Manuel"]
[Black "Gimeno Garcia David"]
[Result "0-1"]
[WhiteElo "1950"]
[BlackElo "1948"]

1.d4 Nf6 2.c4 e5 3.dxe5 Ng4 4.Nf3 Bc5 5.e3 Nc6 6.Be2 Ngxe5 7.O-O O-O 8.Nc3 Re8
9.b3 d6 10.Na4 Bf5 11.Nxc5 dxc5 12.Bb2 Nd3 13.Bxd3 Bxd3 14.Re1 f6 15.Qd2 Nb4
16.Red1 Bc2 17.Qxd8 Raxd8 18.Rxd8 Rxd8 19.Bc3 Rd1+ 20.Rxd1 Bxd1 21.Bxb4 cxb4
22.Kf1 c5 23.Nd2 Bc2 24.Ke2 Kf7 25.e4 Ke6 26.f4 h5 27.Ke3 a5 28.g3 a4 29.bxa4
Bxa4 30.Nb3 b6 31.h3 g5 32.h4 gxh4 33.gxh4 Bc6 34.Nc1 b5 35.cxb5 Bxb5 36.Nd3
Kd6 37.f5 Bc4 38.Nc1 Bb5 39.Nd3 Be8 40.Nf4 Bf7 41.Ne6 Bxe6 42.fxe6 Kxe6 43.Kd3
Ke5 44.Kc4 Kxe4 45.Kxc5 f5 46.Kxb4 f4 47.a4 f3 0-1

[Event "Cto Equipos Aragon 2012 Preferente B"]
[Site "Aragon"]
[Date "2012.02.18"]
[Round "3.64"]
[White "Labrador Postigo Francisco M"]
[Black "Martinez Crespo Juan"]
[Result "1-0"]
[WhiteElo "1896"]
[BlackElo "1867"]

1.d4 Nf6 2.c4 e6 3.g3 d5 4.Bg2 Be7 5.Nf3 b6 6.Ne5 O-O 7.O-O Bb7 8.Nc3 Nbd7 9.
cxd5 Nxe5 10.d6 Nf3+ 11.Bxf3 Bxf3 12.dxe7 Qxe7 13.exf3 Rfd8 14.Re1 c5 15.d5
Qb7 16.Bg5 exd5 17.Bxf6 gxf6 18.Qd3 Rac8 19.Qf5 Qc6 20.Rad1 d4 21.Ne4 Kg7 22.
h4 Rd5 23.Qg4+ Kh8 24.Nxf6 Qxf6 25.Qxc8+ Rd8 26.Re8+ Rxe8 27.Qxe8+ Kg7 28.Qe4
a6 29.Re1 1-0

[Event "Cto Equipos Aragon 2012 Preferente B"]
[Site "Aragon"]
[Date "2012.02.18"]
[Round "3.65"]
[White "Rodriguez Leiva Manuel"]
[Black "Garcia Andres Daniel"]
[Result "1/2-1/2"]
[WhiteElo "2046"]
[BlackElo "2008"]

1.d4 d5 2.c4 e6 3.Nc3 c5 4.Nf3 cxd4 5.Nxd4 e5 6.Nf3 d4 7.Nd5 Nc6 8.e3 Nf6 9.
exd4 Nxd5 10.cxd5 Qxd5 11.dxe5 Qxd1+ 12.Kxd1 Bg4 13.Bb5 O-O-O+ 14.Ke1 Bb4+ 15.
Bd2 Bxf3 16.Bxb4 Nxb4 17.gxf3 Nc2+ 18.Kf1 Nxa1 19.Kg2 Rd5 20.Bc4 Rxe5 21.Rxa1
f6 22.Bd3 Rhe8 23.Rc1+ Kd8 24.Rc3 R8e6 25.f4 Rh5 26.Kg3 Re8 27.Kg2 g5 28.Rc5
Rh4 29.fxg5 Rg4+ 30.Kf3 Rxg5 31.Rxg5 fxg5 32.Bxh7 Ke7 33.a4 a5 34.b3 Kf6 35.
Bd3 Ke5 36.Bc4 Rg8 37.h3 b6 1/2-1/2

[Event "Cto Equipos Aragon 2012 Preferente B"]
[Site "Aragon"]
[Date "2012.02.18"]
[Round "3.66"]
[White "Calvo Mayayo Jose Maria"]
[Black "Buil Rello Jose Antonio"]
[Result "0-1"]
[WhiteElo "1931"]
[BlackElo "1966"]

1.c4 c6 2.g3 d5 3.Bg2 e6 4.Nf3 Nf6 5.O-O Be7 6.d4 Nbd7 7.Nbd2 O-O 8.Qc2 Re8 9.
e4 dxe4 10.Nxe4 Nf8 11.Rd1 Ng6 12.Ne5 Qc7 13.Nxg6 hxg6 14.Bf4 Qd8 15.Rac1 Qa5
16.a3 Qh5 17.f3 Nxe4 18.fxe4 g5 19.Be3 g6 20.Rf1 Kg7 21.Qf2 f6 22.h3 f5 23.g4
Qh7 24.e5 Bd7 25.c5 Rh8 26.Qe2 Raf8 27.Rc3 Rb8 28.Rb3 Rhc8 29.Rc1 Rh8 30.Bf2
Qg8 31.Rf1 Qd8 32.Be1 Rh7 33.Kf2 b6 34.Bb4 bxc5 35.Ba5 Qf8 36.Rxb8 Qxb8 37.Bc3
cxd4 38.Bxd4 c5 39.Bc3 Qb6 40.Ke1 Bb5 41.Qd2 Bxf1 42.Bxf1 Rh8 43.Qd7 Kf7 44.b4
Rd8 45.bxc5 Qxc5 46.Qb7 Qxc3+ 0-1

[Event "Cto Equipos Aragon 2012 Preferente B"]
[Site "Aragon"]
[Date "2012.02.18"]
[Round "3.68"]
[White "Goni Navarro Pablo"]
[Black "Olivan Alvira Alejandro"]
[Result "1/2-1/2"]
[WhiteElo "1647"]
[BlackElo "1569"]

1.e4 d5 2.exd5 Qxd5 3.Nc3 Qa5 4.Bc4 Nf6 5.d3 c6 6.Bd2 Qe5+ 7.Qe2 Qxe2+ 8.Ngxe2
Bf5 9.O-O e6 10.Ng3 Bg4 11.h3 Bh5 12.Bg5 Bg6 13.Rfe1 Be7 14.Bf4 Nbd7 15.Rad1
O-O 16.Nge4 b5 17.Bb3 a5 18.a3 h6 19.Bd6 Bxd6 20.Nxd6 Nc5 21.Nde4 Nxb3 22.
Nxf6+ gxf6 23.cxb3 Rfd8 24.Ne4 Kg7 25.Kf1 f5 26.Nc5 Rd5 27.d4 Kf6 28.f4 h5
1/2-1/2

[Event "Cto Equipos Aragon 2012 Preferente B"]
[Site "Aragon"]
[Date "2012.02.18"]
[Round "3.69"]
[White "Cebrian Valverde Jose Antonio"]
[Black "Landa Garriga Francisco Javier"]
[Result "1-0"]
[WhiteElo "2142"]
[BlackElo "1986"]

1.d4 Nf6 2.c4 g6 3.Nc3 Bg7 4.e4 d6 5.Be2 O-O 6.Nf3 e5 7.O-O Nc6 8.d5 Ne7 9.Ne1
Ne8 10.Nd3 f5 11.exf5 gxf5 12.f4 e4 13.Ne1 Ng6 14.g3 Kh8 15.Be3 c5 16.dxc6
bxc6 17.Qd2 Qe7 18.Nc2 Bb7 19.b4 Nc7 20.Bd4 Rad8 21.Ne3 Qf7 22.Bxg7+ Kxg7 23.
g4 Nh4 24.Qe1 Nf3+ 25.Bxf3 exf3 26.Nxf5+ Kh8 27.Ne4 Qxc4 28.Nexd6 Rxd6 29.Qe5+
1-0

[Event "Cto Equipos Aragon 2012 Preferente B"]
[Site "Aragon"]
[Date "2012.02.18"]
[Round "3.70"]
[White "Ferrer Echavarri Fco Javier"]
[Black "Gimeno Oteo Marco Antonio"]
[Result "1/2-1/2"]
[WhiteElo "1948"]
[BlackElo "2110"]

1.d4 Nf6 2.c4 e5 3.dxe5 Ng4 4.Nf3 Bc5 5.e3 Nc6 6.Be2 Ngxe5 7.Nxe5 Nxe5 8.Nd2
O-O 9.Nb3 Be7 10.Nd4 d5 11.cxd5 Bb4+ 12.Bd2 Bxd2+ 13.Qxd2 Qxd5 14.O-O c5 15.
Nb3 Qxd2 16.Nxd2 Be6 17.Rfd1 Rfd8 18.Ne4 b6 19.Nd6 Kf8 20.b3 Ke7 21.Nb5 Rdc8
22.Nd6 Rd8 23.Nb5 Rxd1+ 24.Rxd1 Rc8 25.f4 Nc6 26.Kf2 a6 27.Nc3 b5 28.Nd5+ Kf8
29.Nb6 Rc7 30.g4 f6 31.f5 Rb7 32.fxe6 Rxb6 33.Rd6 Ke7 34.Rd7+ Kxe6 35.Rxg7 Ne5
36.Rxh7 c4 37.g5 Rc6 38.bxc4 bxc4 39.Bd1 fxg5 40.Rh6+ Kd5 41.Rxc6 Kxc6 42.Ke2
Kc5 43.Kd2 Kb4 44.Be2 g4 45.Kc2 a5 46.a3+ Kxa3 47.Kc3 a4 48.e4 Ka2 49.Bxc4+
1/2-1/2

[Event "Cto Equipos Aragon 2012 Preferente B"]
[Site "Aragon"]
[Date "2012.02.18"]
[Round "3.71"]
[White "Palomar Ramon Santiago"]
[Black "Sanz Lopez Ruben"]
[Result "1/2-1/2"]
[WhiteElo "2029"]
[BlackElo "1945"]

1.e4 c5 2.Nf3 Nc6 3.d4 cxd4 4.c3 d3 5.Qxd3 g6 6.Bf4 Bg7 7.h3 Qb6 8.Qd2 d6 9.
Na3 Bd7 10.Bd3 Nf6 11.O-O O-O 12.Nc4 Qc7 13.Ne3 e5 14.Bg5 Be6 15.Bxf6 Bxf6 16.
g4 Ne7 17.c4 Bg7 18.Nd5 Bxd5 19.cxd5 h6 20.g5 h5 21.Kh2 Kh7 22.Rg1 Rac8 23.Qe2
a6 24.Nh4 Rfe8 25.Nf5 Nxf5 26.exf5 e4 27.Bxe4 Be5+ 28.Kh1 Qb6 29.fxg6+ fxg6
30.Qxh5+ Kg8 31.Bxg6 Re7 32.Raf1 Qxb2 33.Rg2 Rc1 34.Bd3 Rxf1+ 35.Bxf1 Qc1 36.
Qe2 Rh7 37.Rg1 Qf4 38.f3 Rc7 39.Rg4 Qc1 40.f4 Rc2 41.Qd3 Rf2 42.fxe5 Rxf1+ 43.
Kg2 Rg1+ 44.Kf3 Rf1+ 45.Ke4 Qe1+ 46.Qe3 Qb1+ 47.Kd4 Rd1+ 48.Kc3 Rc1+ 49.Kd4
Rd1+ 50.Kc3 Rc1+ 51.Kd4 Rd1+ 52.Kc3 {tablas por repetición} 1/2-1/2

[Event "Cto Equipos Aragon 2012 Preferente B"]
[Site "Aragon"]
[Date "2012.02.18"]
[Round "3.72"]
[White "Gimeno Diaz Fernando"]
[Black "Urgel Varela Fernando"]
[Result "1-0"]
[WhiteElo "1874"]
[BlackElo "1843"]

1.d4 Nf6 2.Nf3 e6 3.c4 Bb4+ 4.Nc3 Ne4 5.Qc2 f5 6.g3 O-O 7.Bg2 Nc6 8.O-O Bxc3
9.bxc3 d6 10.Nd2 Nf6 11.Rb1 Qe8 12.e4 fxe4 13.Nxe4 Qg6 14.Rb5 h6 15.Nxf6+ Qxf6
16.f4 a6 17.Rh5 Qf7 18.Rh4 Ne7 19.g4 Bd7 20.h3 Bc6 21.Bxc6 bxc6 22.Qe2 Qg6 23.
Kh1 Rab8 24.f5 Qf6 25.Rh5 exf5 26.gxf5 Rb1 27.Qe4 Rxc1 28.Rxc1 Nxf5 29.Rg1 Qf7
30.Qg4 Ne3 31.Qg3 Nf1 32.Qg2 Ne3 33.Qe2 Qf4 34.Ra5 Qe4+ 35.Rg2 Nxg2 1-0

[Event "Cto Equipos Aragon 2012 Div. Honor A "]
[Site "Aragon"]
[Date "2012.02.25"]
[Round "4.2"]
[White "Laliena Solanes Luis"]
[Black "Munoz Suarez Luis Alberto"]
[Result "1-0"]
[WhiteElo "2181"]
[BlackElo "1994"]

1.d4 Nf6 2.Nf3 c5 3.c3 b6 4.Bf4 g6 5.e3 Bg7 6.Be2 O-O 7.O-O d6 8.Nbd2 Bb7 9.a4
Nc6 10.Nc4 cxd4 11.exd4 Rc8 12.Re1 Re8 13.Qb3 Qd7 14.Rad1 Qf5 15.Bg3 Na5 16.
Nxa5 Qxa5 17.Bb5 Bc6 18.Bxc6 Rxc6 19.Qb5 Rcc8 20.Re2 Nd5 21.Qb3 Nf6 22.Rde1
Qd5 23.Qxd5 Nxd5 24.Bxd6 e6 25.Be5 f6 26.Bg3 Kf7 27.Nd2 Bh6 28.Ne4 Bf8 29.Bd6
Rcd8 30.Bxf8 Rxf8 31.g3 Rfe8 32.f4 Nc7 33.Nf2 Rd5 34.Nd3 h5 35.Nb4 Rd6 36.Kf2
Rb8 37.d5 Nxd5 38.Nxd5 Rxd5 39.Rxe6 Rd2+ 40.R1e2 Rxe2+ 41.Rxe2 Rc8 42.Re4 Rc5
43.Ke3 Rc7 44.Kd3 Rd7+ 45.Rd4 Re7 46.Rd8 Ke6 47.h3 Kf5 48.Rd5+ Ke6 49.Ke4 Rc7
50.Kd4 Rc8 51.a5 Rc6 52.axb6 axb6 53.c4 Rc8 54.b4 Ra8 55.Rb5 Ra6 56.g4 h4 57.
f5+ gxf5 58.gxf5+ Kd6 59.Rxb6+ 1-0

[Event "Cto Equipos Aragon 2012 Div. Honor A "]
[Site "Aragon"]
[Date "2012.02.25"]
[Round "4.3"]
[White "Serrano San Nicolas Angel"]
[Black "Latorre Abad Fernando"]
[Result "0-1"]
[WhiteElo "1959"]
[BlackElo "2100"]

1.e4 g6 2.Bc4 Bg7 3.Qf3 e6 4.Nc3 Nc6 5.Qg3 Na5 6.Bb3 Nxb3 7.axb3 a6 8.h4 h5 9.
d3 d6 10.Nh3 Ne7 11.Bg5 Qd7 12.O-O Nc6 13.Rad1 Nd4 14.Rd2 b5 15.Be3 b4 16.Nd1
Qc6 17.Bxd4 Bxd4 18.Nf4 Bg7 19.c4 bxc3 20.bxc3 O-O 21.Ra2 Qb5 22.b4 a5 23.Rxa5
Rxa5 24.bxa5 Qxa5 25.Ne2 Qa2 26.Qe3 Bf6 27.g3 e5 28.c4 c6 29.Ndc3 Qa5 30.Rb1
Bg4 31.Kg2 Ra8 32.Rb6 Ra6 33.Rb7 Kg7 34.Rb1 Bd8 35.Rb2 Bb6 36.Qd2 Qa1 37.Rb1
Qa5 38.Rb2 Qc5 39.Ng1 Ra1 40.Rb1 Ra3 41.Nd1 Qd4 42.Qb2 Rxd3 43.Qxd4 Bxd4 44.
Ne3 Bxe3 45.fxe3 Rxe3 46.Rb6 Rxe4 47.Rxc6 Rd4 48.Nf3 Bxf3+ 49.Kxf3 Kf8 0-1

[Event "Cto Equipos Aragon 2012 Div. Honor A "]
[Site "Aragon"]
[Date "2012.02.25"]
[Round "4.4"]
[White "Sanz Lopez Ruben"]
[Black "Pueyo Marina Gerardo"]
[Result "0-1"]
[WhiteElo "1945"]
[BlackElo "1926"]

1.d4 Nf6 2.Bg5 Ne4 3.Bf4 e6 4.f3 Bd6 5.Bxd6 Nxd6 6.e4 f5 7.e5 Nf7 8.Nc3 O-O 9.
Qd2 Qe7 10.f4 d6 11.O-O-O dxe5 12.dxe5 Nc6 13.Nf3 Rd8 14.Qe3 Bd7 15.a3 Be8 16.
Bc4 a6 17.Rxd8 Rxd8 18.Rd1 b5 19.Rxd8 Ncxd8 20.Bf1 c5 21.Nd2 Bc6 22.Nb3 Nb7
23.Qd2 Qc7 24.Qf2 b4 25.Nb1 Bd5 26.Bxa6 c4 27.Bxb7 Qxb7 28.Nd4 bxa3 29.Nxa3 g5
30.g3 g4 31.Nab5 Qb6 32.Qd2 Qa6 33.Kb1 h5 34.Nc3 Qa8 35.Ndb5 Bc6 36.Nd4 Bd7
37.Ndb5 Qh1+ 38.Ka2 Bc6 39.Nd4 Bd7 40.Ncb5 Qd5 41.Na3 c3+ 0-1

[Event "Cto Equipos Aragon 2012 Div. Honor A "]
[Site "Aragon"]
[Date "2012.02.25"]
[Round "4.6"]
[White "Roche Simon Manuel Angel"]
[Black "Glavina Pablo"]
[Result "1-0"]
[WhiteElo "2134"]
[BlackElo "2457"]

1.e4 e5 2.Nf3 Nc6 3.d4 exd4 4.Nxd4 Qf6 5.Nb5 Bc5 6.Qe2 Bb6 7.N1c3 Nge7 8.Be3
Ba5 9.O-O-O a6 10.Nd5 Nxd5 11.exd5 Ne7 12.Nd4 d6 13.h4 Bb6 14.Kb1 Nxd5 15.Bg5+
Qe5 16.Qc4 Nf6 17.f4 Qc5 18.Qe2+ Kf8 19.Bxf6 gxf6 20.g4 Bd7 21.Bg2 Re8 22.Qf3
h5 23.gxh5 Qxh5 24.Qd3 Bg4 25.Rdf1 Qc5 26.c3 Rh5 27.Bxb7 a5 28.Bf3 f5 29.Rfg1
a4 30.Bxg4 fxg4 31.Rxg4 Qd5 32.Rhg1 Rh8 33.f5 Qe5 34.f6 Qxf6 35.Rf1 Qh6 36.
Rgf4 Rh7 37.a3 Re5 38.Qc4 d5 39.Qxa4 Qd6 40.Nf3 Qg6+ 41.Ka2 Re4 42.Rxe4 Qxe4
43.Qa8+ Kg7 44.Qa6 f6 45.Qb5 Kg6 46.Qc6 Qe2 47.h5+ Kg7 48.Qd7+ Kh6 49.Qg4 Rg7
50.Qf4+ Kh7 51.Qf5+ Kh8 52.Re1 Qc4+ 53.Ka1 Qc6 54.h6 Rf7 55.Re6 Qd7 56.Nh4 d4
57.Ng6+ Kg8 58.Qe4 f5 59.Qe5 1-0

[Event "Cto Equipos Aragon 2012 Div. Honor A "]
[Site "Aragon"]
[Date "2012.02.25"]
[Round "4.7"]
[White "Lopez Gracia Fernando"]
[Black "Campo Millan Diego"]
[Result "1-0"]
[WhiteElo "2336"]
[BlackElo "2091"]

1.Nf3 Nf6 2.c4 g6 3.Nc3 Bg7 4.e4 d6 5.d4 O-O 6.Be2 c6 7.O-O Qc7 8.Bg5 Nbd7 9.
Qd2 Re8 10.Rfd1 a6 11.Rac1 Rb8 12.b4 Nf8 13.h3 e5 14.d5 c5 15.bxc5 Qxc5 16.Bd3
Bd7 17.a4 Rec8 18.Qa2 Qa5 19.Bd2 Qd8 20.a5 Nh5 21.Be3 Nf4 22.Bf1 g5 23.Nh2 h5
24.Rb1 g4 25.hxg4 hxg4 26.g3 N8g6 27.Rb6 Qf6 28.Rdb1 Nh3+ 29.Bxh3 gxh3 30.c5
Nh4 31.Qe2 Ng2 32.c6 Nxe3 33.Qxe3 Bh6 34.Qf3 Qxf3 35.Nxf3 Be8 36.Rxb7 Ra8 37.
Na4 Bxc6 38.dxc6 Rxc6 39.Rb8+ Rxb8 40.Rxb8+ Kg7 41.Rb6 Rc4 42.Nb2 Rc1+ 43.Kh2
Rc2 44.Nd3 d5 45.Rb2 Rc3 46.Nfxe5 dxe4 47.Nb4 Bg5 48.Nxa6 Bd8 49.Ra2 e3 50.
fxe3 Rxe3 51.Nc6 Bf6 52.Nab4 1-0

[Event "Cto Equipos Aragon 2012 Div. Honor A "]
[Site "Aragon"]
[Date "2012.02.25"]
[Round "4.8"]
[White "Elizalde Portal Jose Antonio"]
[Black "Moreno Gracia Daniel"]
[Result "0-1"]
[WhiteElo "1822"]
[BlackElo "2322"]

1.e4 c5 2.Nf3 d6 3.d4 Nf6 4.Nc3 cxd4 5.Nxd4 a6 6.f3 e5 7.Nb3 Be6 8.Bg5 Be7 9.
Qd2 Nbd7 10.Be2 b5 11.O-O b4 12.Nd1 a5 13.Nf2 O-O 14.Kh1 Qc7 15.Rad1 Rac8 16.
Bd3 Rfd8 17.Nc1 Nc5 18.Bb5 d5 19.Bxf6 Bxf6 20.exd5 Bxd5 21.Qe2 Ne6 22.Ba6 Nd4
23.Rxd4 exd4 24.Bxc8 Rxc8 25.Re1 g6 26.Qb5 Qxc2 27.Qxd5 Qxf2 28.Nd3 Qd2 29.Qe4
Rc2 30.f4 Kg7 31.a3 bxa3 32.bxa3 Rc3 33.Ne5 Re3 34.Rxe3 dxe3 35.Nf3 Qd1+ 36.
Ng1 Bd4 0-1

[Event "Cto Equipos Aragon 2012 Div. Honor A "]
[Site "Aragon"]
[Date "2012.02.25"]
[Round "4.9"]
[White "Hefty Hilardo Jorge W"]
[Black "Llorente Zaro Alfonso"]
[Result "0-1"]
[WhiteElo "2329"]
[BlackElo "2445"]

1.d4 f5 2.Nf3 Nf6 3.g3 e6 4.Bg2 d5 5.c4 c6 6.O-O Bd6 7.Bf4 Bxf4 8.gxf4 O-O 9.
Nbd2 Nbd7 10.e3 Ne4 11.Nxe4 fxe4 12.Nd2 b6 13.f3 exf3 14.Qxf3 Nf6 15.Rac1 Ba6
16.Rfd1 Rc8 17.Kh1 Qe7 18.Qh3 c5 19.dxc5 Rxc5 20.cxd5 exd5 21.Nb3 Rxc1 22.Rxc1
Re8 23.Re1 Ne4 24.Kg1 Qb4 25.Qh4 Bc4 26.Bxe4 dxe4 27.Nd4 Qxb2 28.a4 Qb4 29.Ra1
Qe7 30.Qg3 a6 31.Re1 b5 32.axb5 axb5 33.h3 Ra8 34.Kh1 Qf6 35.Rb1 Bd3 36.Rb2
Qg6 37.Qe1 Qh5 38.Kh2 Qd5 39.Qd2 Qd7 40.Qb4 Bf1 41.Qb3+ Kh8 42.Qe6 Qxe6 43.
Nxe6 Ra3 44.Rc2 Bc4 45.Nd4 g6 46.Rb2 Rxe3 47.Nxb5 Be6 48.Nd4 Rxh3+ 49.Kg2 Bg4
50.f5 Kg8 51.fxg6 hxg6 52.Rb7 Rd3 53.Rb6 Bh3+ 54.Kh2 Bf5 55.Rd6 Kf7 56.Kg2 Ke7
57.Rd5 Kf6 58.Kf2 Bg4 59.Rd6+ Ke5 60.Rxg6 Rxd4 61.Rxg4 e3+ 0-1

[Event "Cto Equipos Aragon 2012 Div. Honor A "]
[Site "Aragon"]
[Date "2012.02.25"]
[Round "4.10"]
[White "Ramon Perez Jose Luis"]
[Black "Garcia Monterde Francisco Jose"]
[Result "1-0"]
[WhiteElo "2234"]
[BlackElo "2013"]

1.e4 c5 2.Nc3 e6 3.f4 d5 4.Nf3 d4 5.Bb5+ Bd7 6.Bxd7+ Qxd7 7.Ne2 Nc6 8.d3 f6 9.
O-O Bd6 10.c3 e5 11.cxd4 cxd4 12.fxe5 fxe5 13.Ng3 Nf6 14.Nf5 Bc7 15.Bd2 O-O-O
16.b4 Kb8 17.b5 Ne7 18.Nxg7 Ng4 19.Qb3 Rc8 20.Qe6 Qxe6 21.Nxe6 Bb6 22.Rfc1 Ng6
23.a4 Rhe8 24.Ng7 Rxc1+ 25.Rxc1 Rc8 26.g3 Ne3 27.Rxc8+ Kxc8 28.Bxe3 dxe3 29.
Kf1 Kd7 30.Nf5 Ne7 31.Nxe5+ Ke6 32.Nc4 1-0

[Event "Cto Equipos Aragon 2012 Div. Honor A "]
[Site "Aragon"]
[Date "2012.02.25"]
[Round "4.11"]
[White "Jimenez Fernandez Alejandro"]
[Black "Remiro Juste Fernando Jose"]
[Result "1-0"]
[WhiteElo "1980"]
[BlackElo "2219"]

1.d4 g6 2.c4 Bg7 3.Nc3 d6 4.g3 f5 5.Bg2 Nh6 6.h4 Nf7 7.Nh3 c6 8.d5 Ne5 9.Qb3
c5 10.Nf4 O-O 11.h5 g5 12.Ne6 Bxe6 13.dxe6 Nbc6 14.Bxg5 h6 15.Bf4 Na5 16.Qc2
Naxc4 17.Bh3 b5 18.Bxf5 b4 19.Nd5 Nxb2 20.Bxe5 Bxe5 21.Rb1 Na4 22.Bg4 Nc3 23.
Qg6+ Bg7 24.Nxc3 bxc3 25.Bf5 Rxf5 26.Qxf5 Qa5 27.O-O Rf8 28.Qc2 c4 29.Rb7 Bf6
30.Qg6+ Kh8 31.Qxh6+ Kg8 32.Qg6+ Kh8 33.Rfb1 Qg5 34.Rb8 Qxg6 35.Rxf8+ Kg7 36.
hxg6 Kxf8 37.Kf1 d5 38.e3 Kg7 39.Ke2 Kxg6 40.Rb7 d4 41.exd4 Bxd4 42.Rxe7 Bxf2
43.Rc7 Bxg3 44.Rxc4 Be5 45.Re4 1-0

[Event "Cto Equipos Aragon 2012 Div. Honor A "]
[Site "Aragon"]
[Date "2012.02.25"]
[Round "4.12"]
[White "Mimbela Lopez Miguel A"]
[Black "Orriach Gonzalez Juan Manuel"]
[Result "1-0"]
[WhiteElo "2178"]
[BlackElo "1787"]

1.d4 Nf6 2.c4 g6 3.Nc3 d5 4.cxd5 Nxd5 5.Bd2 Bg7 6.e4 Nxc3 7.Bxc3 O-O 8.Nf3 b6
9.Qc2 Bb7 10.O-O-O e6 11.h4 Nd7 12.h5 Nf6 13.hxg6 hxg6 14.Bd3 Rc8 15.e5 Nd5
16.Bxg6 f5 17.exf6 Qxf6 18.Bh7+ Kf7 19.Ne5+ Ke8 20.Qa4+ Kd8 21.Qd7# 1-0

[Event "Cto Equipos Aragon 2012 Div. Honor A "]
[Site "Aragon"]
[Date "2012.02.25"]
[Round "4.13"]
[White "Del Rey Diego"]
[Black "Cifuentes Roberto"]
[Result "1-0"]
[WhiteElo "2371"]
[BlackElo "2523"]

1.d4 d6 2.Nf3 g6 3.c4 Bg7 4.Nc3 e5 5.e4 Nc6 6.d5 Nd4 7.Be3 Nxf3+ 8.Qxf3 Nh6 9.
Qd1 O-O 10.f3 f5 11.Qd2 fxe4 12.Nxe4 Nf5 13.Bg5 Qe8 14.Bd3 h6 15.Be3 Qe7 16.
O-O-O Nxe3 17.Qxe3 Bf5 18.h4 h5 19.Rdg1 Rf7 20.g4 hxg4 21.fxg4 Bd7 22.h5 Raf8
23.Rg3 Rf4 24.g5 Bf5 25.hxg6 Bxe4 26.Bxe4 Rf1+ 27.Rxf1 Rxf1+ 28.Kc2 Qf8 29.Rf3
Rxf3 30.Bxf3 Qf5+ 31.Be4 Qf1 32.Kb3 a6 33.Bd3 Qg2 34.Be4 Qf1 35.a3 Bf8 36.Qg3
b5 37.Bd3 bxc4+ 38.Bxc4 Qd1+ 39.Ka2 Qd4 40.Qd3 Qxd3 41.Bxd3 Kg7 42.b4 Be7 43.
Kb3 Bxg5 44.a4 Kf6 45.a5 Bh6 46.b5 axb5 47.a6 Be3 48.Kb4 1-0

[Event "Cto Equipos Aragon 2012 Div. Honor A "]
[Site "Aragon"]
[Date "2012.02.25"]
[Round "4.14"]
[White "Dauletova Parada Gulmira"]
[Black "Chueca Forcen Alberto"]
[Result "1/2-1/2"]
[WhiteElo "2283"]
[BlackElo "2350"]

1.e4 e5 2.Nf3 Nc6 3.Bb5 Nf6 4.d3 Ne7 5.O-O Ng6 6.Nc3 Bb4 7.d4 Bxc3 8.bxc3 Nxe4
9.Qe1 Nd6 10.Nxe5 O-O 11.Nxg6 fxg6 12.Bd3 b6 13.Ba3 Bb7 14.Qe5 Nf7 15.Qg3 d6
16.Rfe1 Nh6 17.Bc1 Nf5 18.Qg5 Qd7 19.Bd2 Rae8 20.h4 Qc6 21.f3 Bc8 22.h5 gxh5
23.Qxh5 g6 24.Qg5 d5 25.Rxe8 Rxe8 26.Re1 Rxe1+ 27.Bxe1 Qe8 28.Bd2 Qe7 29.Kf2
Qxg5 30.Bxg5 Kf7 31.g4 Nd6 32.Kg3 Ke6 33.Bf4 c5 34.dxc5 bxc5 35.Kh4 c4 36.Be2
Nb5 37.Bd2 Kf6 38.Kg3 g5 39.f4 h6 40.a4 Na3 41.Bd1 a5 42.Be3 Bd7 43.Bc5 Nb1
44.Bb6 Bxa4 45.Bxa5 Na3 46.Bd8+ Kg6 47.Bf3 Bc6 48.Bd1 Ba4 49.Bf3 Bc6 50.Bd1
Ba4 51.Bf3 1/2-1/2

[Event "Cto Equipos Aragon 2012 Div. Honor A "]
[Site "Aragon"]
[Date "2012.02.25"]
[Round "4.15"]
[White "Melendez Fierro Juan Bautista"]
[Black "Accattato Martin Mario"]
[Result "0-1"]
[WhiteElo "2208"]
[BlackElo "2190"]

1.e4 d6 2.d4 Nf6 3.Nc3 e5 4.Nf3 Nbd7 5.Bc4 Be7 6.Qe2 O-O 7.O-O exd4 8.Nxd4 Ne5
9.Bf4 Nxc4 10.Qxc4 c5 11.Ndb5 Nh5 12.Be3 a6 13.Na3 Be6 14.Nd5 Nf6 15.c3 Nxd5
16.exd5 Bf5 17.Qf4 Bg6 18.Nc4 Bd3 19.Nd2 Bxf1 20.Nxf1 h6 21.Qg3 Bh4 22.Qh3 Re8
23.Rd1 Bg5 24.f4 Bf6 25.Qf3 Qe7 26.Qf2 Qe4 27.h3 h5 28.g4 hxg4 29.hxg4 g5 30.
fxg5 Qxg4+ 31.Qg2 Qxg2+ 32.Kxg2 Be5 33.Kf3 b5 34.a3 Kg7 35.Nd2 Rh8 36.Kg4 Rae8
37.Bg1 Kg6 38.Nf3 Rh1 39.Nh4+ Rxh4+ 40.Kxh4 Bf4 41.Kg4 Bxg5 42.Bh2 f5+ 43.Kf3
Re3+ 44.Kf2 f4 45.a4 Kf5 46.axb5 axb5 47.Kf1 Bh4 48.Bg1 Rf3+ 49.Ke2 Ke4 50.b4
Rxc3 51.bxc5 dxc5 52.d6 Rc2+ 53.Kf1 c4 54.Bb6 b4 55.d7 b3 56.Re1+ Kf3 57.d8=Q
Bxd8 58.Bxd8 b2 59.Bf6 c3 0-1